000
00223 a2200097 4500
001
27874
100
_a
Boff, V
245
_a
You can be physically perfect powerful strong
260
_a
_b
Arco Pub.
_c
090
_c
18611
_d
18611
942
_a
NUST-CAE
_c
M
_c
9571
999
_c
262947
_d
262947